San Pedro Sula, actual capital industrial de Honduras : su trayectoria entre villorrio colonial y emporio bananero, 1536-1936 /
Resumen: EL presente ensayo representa una introducción global a la historia económica de San Pedro Sula desde la época de su fundación en 1536 hasta la crisis comercial y fiscal acaecida a partir de la década de 1930. Se busca caracterizar, a grandes rasgos, la historia macroeconómica de San Pedro...
Gorde:
| Egile nagusia: | |
|---|---|
| Formatua: | Ezezaguna |
| Hizkuntza: | Spanish |
| Etiketak: |
Etiketa erantsi
Etiketarik gabe, Izan zaitez lehena erregistro honi etiketa jartzen!
|
MARC
| LEADER | 000000000a22000000004500 | ||
|---|---|---|---|
| 001 | 010186 | ||
| 041 | 0 | |a spa | |
| 100 | 1 | |a Euraque, Darío A. | |
| 245 | 1 | 0 | |a San Pedro Sula, actual capital industrial de Honduras : |b su trayectoria entre villorrio colonial y emporio bananero, 1536-1936 / |c Darío A. Euraque. |
| 520 | |a Resumen: EL presente ensayo representa una introducción global a la historia económica de San Pedro Sula desde la época de su fundación en 1536 hasta la crisis comercial y fiscal acaecida a partir de la década de 1930. Se busca caracterizar, a grandes rasgos, la historia macroeconómica de San Pedro Sula y se hace con base en una amplia documentación y utilizando fuentes históricas pocas veces vistas en la historiografía hondureña. A manera de conclusión se ofrecen también apuntamientos sobre la evolución histórica comparada entre San Pedro Sula y Tegucigalpa desde la colonia hasta la depresión económica de la década de 1930. | ||
| 773 | 0 | |x 0252-9963 |d Guatemala : CIRMA |t Mesoamérica |g volumen 14, número 26 (1993), páginas 217-252 | |
| 942 | |c ARC | ||
| 999 | |c 17213 |d 17213 | ||
